Normal view
MARC view
Entry Nombre personal
001 - NÚMERO DE CONTROL
- campo de control: 188270
003 - IDENTIFICADOR DEL NÚMERO DE CONTROL
- campo de control: CHAP
005 - FECHA Y HORA DE LA ÚLTIMA TRANSACCIÓN
- campo de control: 20231113100012.0
008 - DATOS DE LONGITUD FIJA
- campo de control de longitud fija: 231113|| aca||abbn | a|a d
040 ## - FUENTE DE LA CATALOGACIÓN
- Centro catalogador/agencia de origen: Z
- Centro/agencia transcriptor: CHAP
100 1# - ENCABEZAMIENTO-NOMBRE DE PERSONA
- Nombre de persona: Sañudo, Carlos
670 ## - FUENTE DE DATOS ENCONTRADOS
- Cita de la fuente: Sañudo, Carlos. Identificación y calidad de las canales bovinas en España : efecto de la raza, la edad-peso y el sexo,2018
